[Event "HUN-chT2 Breyer 1718"]
[Site "Hungary"]
[Date "2018.05.06"]
[Round "11.7"]
[White "Pisak, Istvan"]
[Black "Korim, Zsolt"]
[Result "1-0"]
[WhiteElo "2005"]
[BlackElo "1796"]
[PlyCount "85"]
[EventDate "2017.09.24"]
[EventType "team-tourn"]
[EventRounds "11"]
[EventCountry "HUN"]
[SourceTitle "EXT 2021"]
[Source "ChessBase"]
[SourceDate "2020.10.23"]
[SourceVersion "1"]
[SourceVersionDate "2020.10.23"]
[SourceQuality "1"]
[WhiteTeam "Vizugy"]
[BlackTeam "Tatabanya Turul"]
[WhiteTeamCountry "HUN"]
[BlackTeamCountry "HUN"]

1. c4 c6 2. Nc3 Nf6 3. Nf3 d5 4. cxd5 Nxd5 5. d4 Bg4 6. e4 Nxc3 7. bxc3 e6 8. Qb3 Qb6 9. Ne5 Qxb3 10. axb3 Bh5 11. f3 Be7 12. h4 f6 13. Nc4 Nd7 14. g4 Bf7 15. f4 a6 16. e5 fxe5 17. fxe5 Bg6 18. Bg5 Rf8 19. Bxe7 Kxe7 20. Nd6 Rab8 21. h5 Bc2 22. b4 Nb6 23. Rc1 Bb3 24. c4 Rf4 25. Rc3 Ba4 26. Bd3 Nd7 27. Rf1 Rxf1+ 28. Kxf1 Rf8+ 29. Ke2 b5 30. cxb5 cxb5 31. Bxh7 Rf4 32. Rc8 Rf8 33. g5 Nb6 34. Rc7+ Nd7 35. Ra7 Rb8 36. Rxa6 Bb3 37. Ra7 Bc4+ 38. Ke3 Rh8 39. Bg6 Rb8 40. Be8 Rxe8 41. Nxe8 Kxe8 42. Rxd7 Kxd7 43. h6 1-0

[Event "HUN-chT2 Breyer 1617"]
[Site "Hungary"]
[Date "2016.11.13"]
[Round "2.8"]
[White "Yip, Michael"]
[Black "Pisak, Istvan"]
[Result "1/2-1/2"]
[WhiteElo "1932"]
[BlackElo "2027"]
[PlyCount "74"]
[EventDate "2016.10.30"]
[EventType "team-tourn"]
[EventRounds "9"]
[EventCountry "HUN"]
[SourceTitle "EXT 2021"]
[Source "ChessBase"]
[SourceDate "2020.10.23"]
[SourceVersion "1"]
[SourceVersionDate "2020.10.23"]
[SourceQuality "1"]
[WhiteTeam "Budapest MTK II"]
[BlackTeam "Vizugy"]
[WhiteTeamCountry "HUN"]
[BlackTeamCountry "HUN"]

1. d4 d5 2. Bf4 Bf5 3. e3 e6 4. Nf3 Nf6 5. c4 c6 6. Nc3 Bd6 7. Bxd6 Qxd6 8. Qb3 b6 9. Be2 0-0 10. 0-0 Nbd7 11. Rac1 Ne4 12. Rfd1 Nxc3 13. Rxc3 Nf6 14. cxd5 cxd5 15. Rdc1 Ne4 16. Rc7 Nc5 17. R7xc5 bxc5 18. dxc5 Qc7 19. Qc3 a5 20. Nd4 Bg6 21. Nb5 Qc6 22. Nd4 Qc7 23. Nb5 Qe7 24. a4 f6 25. Nd4 e5 26. Nb3 Qc7 27. Bb5 Rfd8 28. h3 h6 29. c6 Bf7 30. Nc5 d4 31. exd4 exd4 32. Qd2 Rac8 33. Nb7 Rd5 34. Nxa5 Rg5 35. b4 Kh7 36. Bd3+ g6 37. Re1 Rxa5 1/2-1/2

[Event "HUN-chT2 Breyer 1617"]
[Site "Hungary"]
[Date "2016.10.30"]
[Round "1.7"]
[White "Domany, Zsofia"]
[Black "Pisak, Istvan"]
[Result "1-0"]
[WhiteElo "2159"]
[BlackElo "2027"]
[PlyCount "87"]
[EventDate "2016.10.30"]
[EventType "team-tourn"]
[EventRounds "9"]
[EventCountry "HUN"]
[SourceTitle "EXT 2021"]
[Source "ChessBase"]
[SourceDate "2020.10.23"]
[SourceVersion "1"]
[SourceVersionDate "2020.10.23"]
[SourceQuality "1"]
[WhiteTeam "Kisber Aszar"]
[BlackTeam "Vizugy"]
[WhiteTeamCountry "HUN"]
[BlackTeamCountry "HUN"]

1. e4 c6 2. d4 d5 3. Nc3 dxe4 4. Nxe4 Nd7 5. Bc4 Ngf6 6. Ng5 e6 7. Qe2 Nb6 8. Bd3 h6 9. N5f3 Qc7 10. Ne5 c5 11. dxc5 Bxc5 12. Ngf3 0-0 13. Bd2 Bd7 14. 0-0-0 Rac8 15. g4 Bd6 16. g5 hxg5 17. Bxg5 Nfd5 18. Rhg1 Rfd8 19. Bxd8 Rxd8 20. Rg4 f5 21. Rh4 Be7 22. Rd4 Bc5 23. Nxd7 Qxd7 24. Bb5 Qc8 25. Ng5 Bxd4 26. Rxd4 Nc7 27. Qh5 Rxd4 28. Qh7+ Kf8 29. Qh8+ Ke7 30. Qxg7+ Kd6 31. Qxd4+ Nbd5 32. Ba4 b5 33. Bb3 Qb7 34. Nf7+ Ke7 35. Ne5 a5 36. f4 a4 37. Qc5+ Ke8 38. Qd6 Qc8 39. Qc6+ Ke7 40. Bxd5 exd5 41. h4 Qd8 42. Qg6 Qc8 43. Nc6+ Kf8 44. Qf6+ 1-0

[Event "HUN-chT2 Breyer 1516"]
[Site "Hungary"]
[Date "2016.04.17"]
[Round "11.8"]
[White "Kovacs, Balazs"]
[Black "Pisak, Istvan"]
[Result "0-1"]
[WhiteElo "1777"]
[BlackElo "2039"]
[PlyCount "74"]
[EventDate "2015.09.13"]
[EventType "team-tourn"]
[EventRounds "11"]
[EventCountry "HUN"]
[SourceTitle "EXT 2017"]
[Source "ChessBase"]
[SourceDate "2016.10.25"]
[SourceVersion "1"]
[SourceVersionDate "2016.10.25"]
[SourceQuality "1"]
[WhiteTeam "Turul"]
[BlackTeam "Vizugy"]
[WhiteTeamCountry "HUN"]
[BlackTeamCountry "HUN"]

1. e4 c6 2. d4 d5 3. e5 Bf5 4. h4 h5 5. Bg5 Qb6 6. Bd3 Bxd3 7. Qxd3 Qxb2 8. Ne2 Qxa1 9. Qb3 Nd7 10. 0-0 Rb8 11. Nbc3 Qxf1+ 12. Kxf1 e6 13. Nd1 Be7 14. Qg3 g6 15. Nf4 Bxg5 16. Qxg5 Ne7 17. Ne3 c5 18. c3 cxd4 19. cxd4 Rc8 20. g4 hxg4 21. Nxg4 Rc1+ 22. Ke2 Rc2+ 23. Kd3 Rxa2 24. Nf6+ Nxf6 25. exf6 Nf5 26. Nxe6 fxe6 27. Qxg6+ Kf8 28. f7 Ne7 29. Qf6 Rh7 30. Qf4 Rxf7 31. Qb8+ Kg7 32. Qe5+ Kg8 33. Qb8+ Kh7 34. f4 Rf2 35. Qe5 R7xf4 36. Qh5+ Kg7 37. Qg5+ Ng6 0-1

[Event "HUN-chT2 Breyer 1516"]
[Site "Hungary"]
[Date "2015.10.04"]
[Round "2.8"]
[White "Pisak, Istvan"]
[Black "Vagvolgyi, Istvan"]
[Result "1/2-1/2"]
[WhiteElo "2039"]
[BlackElo "1882"]
[PlyCount "193"]
[EventDate "2015.09.13"]
[EventType "team-tourn"]
[EventRounds "11"]
[EventCountry "HUN"]
[SourceTitle "CBM 170 Extra"]
[Source "ChessBase"]
[SourceDate "2016.02.25"]
[SourceVersion "1"]
[SourceVersionDate "2016.02.25"]
[SourceQuality "1"]
[WhiteTeam "Vizugy"]
[BlackTeam "Nyergesujfalu"]
[WhiteTeamCountry "HUN"]
[BlackTeamCountry "HUN"]

1. c4 c5 2. Nc3 Nc6 3. Nf3 e6 4. g3 Nf6 5. Bg2 Be7 6. 0-0 0-0 7. d4 cxd4 8. Nxd4 a6 9. e4 Nxd4 10. Qxd4 d6 11. b3 Bd7 12. Bb2 Qc7 13. Rac1 Rfd8 14. h3 Nh5 15. Qd1 Nf6 16. Kh2 Bc6 17. Qe2 Ne8 18. f4 Bf6 19. Nd1 Bxb2 20. Nxb2 Qa5 21. Nd3 d5 22. Ne5 Nf6 23. Nxc6 bxc6 24. cxd5 cxd5 25. e5 Ne8 26. f5 exf5 27. Rxf5 Qb6 28. Qf3 Qe6 29. Rf1 Ra7 30. h4 d4 31. Bh3 Qd5 32. Qd3 g6 33. Rg5 Qc6 34. h5 Ng7 35. hxg6 fxg6 36. Rf6 Qc3 37. Qxc3 dxc3 38. Rc6 Rd2+ 39. Bg2 c2 40. Kh3 Re7 41. Be4 Ne6 42. Rg4 Rc7 43. Rxc7 Nxc7 44. Bxc2 Rxc2 45. a4 Re2 46. Rc4 Nd5 47. Rc6 Nb4 48. Rb6 a5 49. Rb5 Nc6 50. Rb6 Rc2 51. Kg4 Nxe5+ 52. Kg5 Kg7 53. Rb7+ Nf7+ 54. Kf4 Rc5 55. g4 Kf6 56. Rb6+ Ke7 57. Rb7+ Ke6 58. Kf3 h5 59. Rb6+ Nd6 60. gxh5 gxh5 61. Kf4 Rf5+ 62. Kg3 Rd5 63. Kh4 Kf6 64. Ra6 Ke6 65. Ra7 Nf5+ 66. Kh3 Kf6 67. Rb7 Kg5 68. b4 Rd3+ 69. Kh2 Rb3 70. Rb5 axb4 71. a5 Ra3 72. Rxb4 Rxa5 73. Kh3 Ra3+ 74. Kh2 Nh6 75. Rb5+ Kh4 76. Rb2 Ng4+ 77. Kg2 Rh3 78. Kg1 Re3 79. Kg2 Rg3+ 80. Kh1 Ne5 81. Rb5 Re3 82. Kh2 Re2+ 83. Kg1 Kg3 84. Kf1 Re3 85. Rb2 h4 86. Rg2+ Kh3 87. Ra2 Rg3 88. Ra5 Ng6 89. Ra4 Ne5 90. Kf2 Nf3 91. Rb4 Ne5 92. Re4 Rf3+ 93. Kg1 Kg3 94. Rxe5 Ra3 95. Rg5+ Kh3 96. Rf5 Ra1+ 97. Rf1 1/2-1/2

[Event "HUN-chT2 Erkel 1314"]
[Site "Hungary"]
[Date "2013.09.08"]
[Round "1.7"]
[White "Pisak, Istvan"]
[Black "Hegedus, Rafael"]
[Result "1-0"]
[WhiteElo "2021"]
[BlackElo "2052"]
[PlyCount "81"]
[EventDate "2013.09.08"]
[EventType "team-tourn"]
[EventRounds "11"]
[EventCountry "HUN"]
[SourceTitle "EXT 2016"]
[Source "ChessBase"]
[SourceDate "2015.10.08"]
[SourceVersion "1"]
[SourceVersionDate "2015.10.08"]
[SourceQuality "1"]
[WhiteTeam "Vizugy"]
[BlackTeam "Mezokovesd"]
[WhiteTeamCountry "HUN"]
[BlackTeamCountry "HUN"]

1. c4 f5 2. Nc3 Nf6 3. Nf3 g6 4. g3 Bg7 5. Bg2 d6 6. 0-0 e5 7. d3 0-0 8. Bd2 Nbd7 9. Rb1 Rb8 10. b4 Re8 11. Qb3 Nf8 12. b5 h6 13. Qa4 Ra8 14. Ne1 Ne6 15. Nc2 Nc5 16. Qb4 a5 17. Qa3 Ra7 18. Ne3 b6 19. Ned5 Bb7 20. Qc1 Kh7 21. Qc2 Ra8 22. e3 Rb8 23. Rbd1 Ncd7 24. h3 Nxd5 25. Nxd5 Nf6 26. e4 Bc8 27. Kh2 Bd7 28. a4 c6 29. bxc6 Bxc6 30. exf5 Nxd5 31. fxg6+ Kxg6 32. cxd5 Bd7 33. Be4+ Kf7 34. Be3 Qc8 35. Qe2 Kf8 36. Qh5 Bxa4 37. Rc1 Qd8 38. f4 Ke7 39. fxe5 Rf8 40. e6 Be8 41. Qh4+ 1-0

[Event "HUN-chT2 Erkel 1213"]
[Site "Hungary"]
[Date "2012.11.04"]
[Round "3.6"]
[White "Pisak, Istvan"]
[Black "Vrona, Mihail"]
[Result "1/2-1/2"]
[WhiteElo "2042"]
[BlackElo "2033"]
[PlyCount "111"]
[EventDate "2012.09.16"]
[EventType "team-tourn"]
[EventRounds "11"]
[EventCountry "HUN"]
[SourceTitle "EXT 2014"]
[Source "ChessBase"]
[SourceDate "2013.11.20"]
[SourceVersion "1"]
[SourceVersionDate "2013.11.20"]
[SourceQuality "1"]
[WhiteTeam "Vizugy"]
[BlackTeam "Foti"]
[WhiteTeamCountry "HUN"]
[BlackTeamCountry "HUN"]

1. c4 e6 2. Nc3 d5 3. cxd5 exd5 4. d4 Nf6 5. Nf3 c6 6. g3 Bf5 7. Bg2 Bd6 8. Qb3 Qb6 9. Qxb6 axb6 10. 0-0 Nbd7 11. Nh4 Be6 12. e4 dxe4 13. Bxe4 Nxe4 14. Nxe4 Be7 15. a3 0-0 16. Ng2 Ra4 17. Be3 Rd8 18. Nc3 Ra6 19. Nf4 Bc4 20. Rfe1 Nf6 21. h3 Kf8 22. Rad1 b5 23. Nd3 Raa8 24. Nc5 b6 25. N5e4 Nxe4 26. Nxe4 b4 27. axb4 Bxb4 28. Bd2 Be7 29. Bc3 Bd5 30. Re3 Ra4 31. Rde1 Rd7 32. f4 f5 33. Ng5 Bxg5 34. fxg5 g6 35. Re8+ Kf7 36. Rh8 Kg7 37. Rb8 b5 38. Kf2 Kf7 39. h4 Be4 40. g4 b4 41. Bxb4 Rxd4 42. Rb7+ Ke8 43. Bc3 Rd7 44. Rb8+ Kf7 45. Rh8 Ke6 46. Re8+ Kf7 47. Re5 Rd5 48. gxf5 gxf5 49. h5 Rxe5 50. Bxe5 Bd5 51. Bf6 Rf4+ 52. Kg3 Rg4+ 53. Kh3 Bg2+ 54. Kh2 Be4 55. h6 Kg6 56. Rg1 1/2-1/2

[Event "Budapest-chT1 Lilienthal 1112"]
[Site "Budapest"]
[Date "2012.01.15"]
[Round "6"]
[White "Ruszin, Peter"]
[Black "Pisak, Istvan"]
[Result "1/2-1/2"]
[WhiteElo "2055"]
[BlackElo "2045"]
[PlyCount "133"]
[EventDate "2011.10.02"]
[EventType "team-tourn"]
[EventRounds "11"]
[EventCountry "HUN"]
[SourceTitle "EXT 2020"]
[Source "ChessBase"]
[SourceDate "2019.10.17"]
[SourceVersion "1"]
[SourceVersionDate "2019.10.17"]
[SourceQuality "1"]
[WhiteTeam "Budapest Ujpest KSE"]
[BlackTeam "Vizugy II"]
[WhiteTeamCountry "HUN"]
[BlackTeamCountry "HUN"]

1. e4 c6 2. Nc3 d5 3. Qf3 d4 4. Bc4 e6 5. Nce2 b5 6. Bb3 Bb7 7. a4 a6 8. d3 c5 9. Qg3 Nf6 10. Bg5 h6 11. Bxf6 gxf6 12. Nf4 h5 13. Nf3 Qd6 14. axb5 axb5 15. Rxa8 Bxa8 16. 0-0 Nc6 17. Re1 Ne5 18. Nxe5 Qxe5 19. Ra1 Bc6 20. Ra6 Bd7 21. Ra8+ Ke7 22. Qf3 Qg5 23. Qg3 h4 24. Qxg5 fxg5 25. Ne2 Bg7 26. Rxh8 Bxh8 27. g4 Bc8 28. f4 f6 29. f5 exf5 30. exf5 Kd6 31. Bf7 Bg7 32. Be8 Ba6 33. b3 Bf8 34. Kf2 Be7 35. Bf7 Bd8 36. h3 Ba5 37. Ng1 Ke5 38. Be8 c4 39. Bc6 Kd6 40. Be4 Kc5 41. Nf3 cxb3 42. cxb3 Bb6 43. Ke2 Kb4 44. Bd5 Kc5 45. Be4 Bc7 46. Kd2 Bc8 47. Kc2 Bd7 48. Kb2 Bf4 49. Ne1 Bd2 50. Nf3 Bc3+ 51. Ka3 Be8 52. Bb7 Bf7 53. Be4 Ba5 54. Bb7 Bc7 55. Be4 Bb6 56. Bb7 Kd6 57. Be4 Bc5+ 58. Kb2 Kc7 59. Ka2 Kb6 60. Kb2 Ka5 61. Ne1 Bb4 62. Nf3 Bc3+ 63. Ka3 Kb6 64. Ba8 Kc5 65. Be4 Bd5 66. Bxd5 Kxd5 67. b4 1/2-1/2

[Event "HUN-chT2 Breyer 1011"]
[Site "Hungary"]
[Date "2011.03.27"]
[Round "7.9"]
[White "Lajer, Laszlo"]
[Black "Pisak, Istvan"]
[Result "1/2-1/2"]
[WhiteElo "1885"]
[BlackElo "2024"]
[PlyCount "143"]
[EventDate "2010.09.12"]
[EventType "team-tourn"]
[EventRounds "11"]
[EventCountry "HUN"]
[SourceTitle "EXT 2012"]
[Source "ChessBase"]
[SourceDate "2011.11.24"]
[SourceVersion "1"]
[SourceVersionDate "2011.11.24"]
[SourceQuality "1"]
[WhiteTeam "Gyor Komszomol"]
[BlackTeam "Vizugy"]
[WhiteTeamCountry "HUN"]
[BlackTeamCountry "HUN"]

1. e4 c6 2. d4 d5 3. exd5 cxd5 4. c4 Nf6 5. Nc3 e6 6. Nf3 Bb4 7. Bd2 Nc6 8. a3 Bxc3 9. Bxc3 0-0 10. c5 Ne4 11. Bd3 Nxc3 12. bxc3 e5 13. dxe5 Re8 14. 0-0 Nxe5 15. Nxe5 Rxe5 16. Re1 Rxe1+ 17. Qxe1 Be6 18. Qb1 Qc7 19. Bxh7+ Kh8 20. Bf5 Qxc5 21. Bxe6 fxe6 22. Qb4 Qc7 23. Re1 Qf7 24. Qg4 Rf8 25. f3 Re8 26. Qd4 b5 27. Qe5 Rc8 28. Re3 a5 29. h3 Kg8 30. Qd6 Re8 31. Qe5 Qa7 32. Kh2 Qc5 33. f4 Qxa3 34. f5 Qe7 35. fxe6 Rd8 36. Kh1 b4 37. cxb4 axb4 38. Rf3 Rf8 39. Rxf8+ Kxf8 40. Qxd5 g6 41. Kg1 Qa7+ 42. Kf1 Ke7 43. Ke2 Qa6+ 44. Kf2 Qa4 45. Qg5+ Kxe6 46. Qxg6+ Ke5 47. Qg5+ Kd6 48. Qd2+ Kc5 49. Ke3 b3 50. Qc3+ Kb5 51. Qe5+ Ka6 52. Qd6+ Ka5 53. Qc5+ Ka6 54. Qc8+ Kb6 55. Qd8+ Kb5 56. Qd7+ Kb4 57. Qd6+ Kc3 58. Qd2+ Kc4 59. Qd4+ Kb5 60. Qd7+ Ka5 61. Qc7+ Ka6 62. Qd6+ Kb7 63. Qd5+ Kc7 64. Qc5+ Kd7 65. Qd5+ Kc8 66. Qc5+ Kb8 67. Qb6+ Ka8 68. Qd8+ Kb7 69. Qd5+ Kb6 70. Qd6+ Kb5 71. Qd5+ Kb4 72. Qd6+ 1/2-1/2

[Event "HUN-chT2 Breyer 1011"]
[Site "Hungary"]
[Date "2010.11.21"]
[Round "6.10"]
[White "Szabo, Gabor1111"]
[Black "Pisak, Istvan"]
[Result "0-1"]
[WhiteElo "1817"]
[BlackElo "2024"]
[PlyCount "70"]
[EventDate "2010.09.12"]
[EventType "team-tourn"]
[EventRounds "11"]
[EventCountry "HUN"]
[SourceTitle "EXT 2012"]
[Source "ChessBase"]
[SourceDate "2011.11.24"]
[SourceVersion "1"]
[SourceVersionDate "2011.11.24"]
[SourceQuality "1"]
[WhiteTeam "Geniusz Tata"]
[BlackTeam "Vizugy"]
[WhiteTeamCountry "HUN"]
[BlackTeamCountry "HUN"]

1. e4 c6 2. d4 d5 3. Nc3 dxe4 4. Nxe4 Nd7 5. Bc4 Ngf6 6. Ng5 e6 7. Qe2 Nb6 8. c3 Nxc4 9. Qxc4 h6 10. N5f3 Bd6 11. Ne2 Qc7 12. 0-0 0-0 13. Be3 Re8 14. Nc1 Ng4 15. h3 Nxe3 16. fxe3 e5 17. dxe5 Bxe5 18. Nxe5 Rxe5 19. Qf4 Qe7 20. Nd3 Re4 21. Qf2 Be6 22. Nf4 Bc4 23. Rfe1 Re8 24. a3 Rxe3 25. Rxe3 Qxe3 26. Qxe3 Rxe3 27. Kf2 Re7 28. Re1 Rd7 29. Re8+ Kh7 30. Ke3 g5 31. Ne2 Rd3+ 32. Kf2 Rd2 33. b4 Rc2 34. g4 Kg6 35. Kf3 Bxe2+ 0-1

[Event "HUN-chT2 Erkel 0910"]
[Site "Hungary"]
[Date "2010.01.31"]
[Round "5.7"]
[White "Lenko, Csaba"]
[Black "Pisak, Istvan"]
[Result "0-1"]
[WhiteElo "1995"]
[BlackElo "2024"]
[PlyCount "120"]
[EventDate "2009.11.08"]
[EventType "team-tourn"]
[EventRounds "11"]
[EventCountry "HUN"]
[SourceTitle "EXT 2011"]
[Source "ChessBase"]
[SourceDate "2010.11.26"]
[SourceVersion "1"]
[SourceVersionDate "2010.11.26"]
[SourceQuality "1"]
[WhiteTeam "Vizugy"]
[BlackTeam "Paszto"]
[WhiteTeamCountry "HUN"]
[BlackTeamCountry "HUN"]

1. e4 c6 2. d4 d5 3. e5 Bf5 4. Bd3 Bxd3 5. Qxd3 e6 6. Nf3 c5 7. dxc5 Nc6 8. Qb5 Qd7 9. Nc3 Nge7 10. 0-0 Ng6 11. Re1 d4 12. Ne2 Ncxe5 13. Qxd7+ Nxd7 14. Nexd4 Bxc5 15. Be3 Rc8 16. Nb5 Ke7 17. c3 a6 18. Nbd4 Rhd8 19. Rad1 Kf8 20. g3 Be7 21. Ng5 Bxg5 22. Bxg5 Nf6 23. Kg2 Rd5 24. Bxf6 gxf6 25. Nb3 Rcd8 26. Rxd5 Rxd5 27. Re4 e5 28. Rc4 Kg7 29. Rc7 Rb5 30. c4 Rb4 31. c5 Nf8 32. Re7 Ne6 33. c6 bxc6 34. Ra7 Rb6 35. Nc1 c5 36. b3 Rd6 37. a4 e4 38. Ne2 f5 39. a5 Nd4 40. Nxd4 cxd4 41. Kf1 Rc6 42. Ke1 Kf6 43. Rb7 Ke6 44. b4 h5 45. Kd1 f6 46. h4 Kd5 47. b5 axb5 48. Rxb5+ Rc5 49. Rb6 Rxa5 50. Rxf6 Ke5 51. Rf8 Ra1+ 52. Kd2 Ra2+ 53. Ke1 Ra3 54. Re8+ Kd5 55. Rf8 Kc4 56. Rxf5 Kd3 57. Kf1 Ra1+ 58. Kg2 e3 59. fxe3 dxe3 60. Rd5+ Ke4 0-1

[Event "HUN-chT2 Erkel 0910"]
[Site "Hungary"]
[Date "2009.12.20"]
[Round "4.6"]
[White "Rozsa, Zoltan"]
[Black "Pisak, Istvan"]
[Result "1-0"]
[WhiteElo "2057"]
[BlackElo "2024"]
[PlyCount "109"]
[EventDate "2009.11.08"]
[EventType "team-tourn"]
[EventRounds "11"]
[EventCountry "HUN"]
[SourceTitle "EXT 2011"]
[Source "ChessBase"]
[SourceDate "2010.11.26"]
[SourceVersion "1"]
[SourceVersionDate "2010.11.26"]
[SourceQuality "1"]
[WhiteTeam "Vaci"]
[BlackTeam "Vizugy"]
[WhiteTeamCountry "HUN"]
[BlackTeamCountry "HUN"]

1. b3 d5 2. Bb2 c5 3. e3 Nc6 4. Bb5 Bf5 5. Nf3 e6 6. 0-0 Nf6 7. d4 Bd6 8. c4 0-0 9. cxd5 exd5 10. dxc5 Bxc5 11. Nc3 a6 12. Be2 Bd6 13. Rc1 Re8 14. Qd2 Qd7 15. Rfd1 Rad8 16. Qe1 Bb8 17. Na4 Ne4 18. Nc5 Qc7 19. Nd3 Qe7 20. g3 Ba7 21. Nf4 Be6 22. Nd4 Nxd4 23. Bxd4 Bb8 24. Nd3 Qg5 25. Bf3 Nd6 26. Bb6 Rc8 27. Nc5 Rc6 28. Nxe6 fxe6 29. Rxc6 bxc6 30. Rc1 Qf5 31. Bg2 Rc8 32. Qe2 a5 33. Qd2 a4 34. bxa4 Nc4 35. Qb4 Bd6 36. Qb1 Qg4 37. a5 Rb8 38. Bf1 Nd2 39. Qc2 Nf3+ 40. Kh1 Qh5 41. h3 Ng5 42. Qe2 Qh6 43. Kh2 Rf8 44. Bg2 e5 45. Rxc6 e4 46. Rc2 Nf7 47. Bc5 Ne5 48. Bxd6 Qxd6 49. Qb5 Nd3 50. Qc6 Qe5 51. Qc7 Qa1 52. a6 Nb4 53. Rd2 Qe1 54. Rb2 Nd3 55. Rb8 1-0

[Event "HUN-chT2 Charousek 0708"]
[Site "Hungary"]
[Date "2008.05.18"]
[Round "11"]
[White "Pisak, Istvan"]
[Black "Petenyi, Tamas"]
[Result "0-1"]
[WhiteElo "1972"]
[BlackElo "2196"]
[PlyCount "78"]
[EventDate "2007.10.14"]
[EventType "team"]
[EventRounds "11"]
[EventCountry "HUN"]
[SourceTitle "EXT 2009"]
[Source "ChessBase"]
[SourceDate "2008.11.26"]
[SourceVersion "1"]
[SourceVersionDate "2008.11.26"]
[SourceQuality "1"]
[WhiteTeam "Vizugy"]
[BlackTeam "Haladas II"]
[WhiteTeamCountry "HUN"]
[BlackTeamCountry "HUN"]

1. c4 e5 2. Nc3 Nf6 3. Nf3 Nc6 4. d3 Bb4 5. Bd2 0-0 6. g3 Re8 7. Bg2 a5 8. 0-0 d6 9. a3 Bxc3 10. Bxc3 a4 11. b4 axb3 12. Qxb3 Nd7 13. a4 Nc5 14. Qc2 Bf5 15. e4 Bg4 16. h3 Bxf3 17. Bxf3 Nd4 18. Bxd4 exd4 19. Kg2 Ra5 20. Rfb1 c6 21. Be2 Qf6 22. f4 Rea8 23. Rb4 g6 24. Bd1 h5 25. Qe2 h4 26. Qd2 hxg3 27. Kxg3 b5 28. cxb5 cxb5 29. h4 bxa4 30. Ra3 Kg7 31. Qf2 Ne6 32. Rbxa4 Rh8 33. Bg4 Qxh4+ 34. Kf3 Qh1+ 35. Kg3 Rah5 36. Bxh5 Rxh5 37. Qg2 Qh4+ 38. Kf3 Qxf4+ 39. Ke2 Rh2 0-1

[Event "HUN-chT2 Maroczy 0607"]
[Site "Hungary"]
[Date "2007.04.29"]
[Round "9"]
[White "Horvath, Zoltan2222"]
[Black "Pisak, Istvan"]
[Result "1-0"]
[WhiteElo "2111"]
[BlackElo "1974"]
[PlyCount "141"]
[EventDate "2006.11.12"]
[EventType "team"]
[EventRounds "11"]
[EventCountry "HUN"]
[SourceTitle "EXT 2008"]
[Source "ChessBase"]
[SourceDate "2007.11.25"]
[SourceVersion "1"]
[SourceVersionDate "2007.11.25"]
[SourceQuality "1"]
[WhiteTeam "Matra"]
[BlackTeam "Vizugy"]
[WhiteTeamCountry "HUN"]
[BlackTeamCountry "HUN"]

1. e4 c6 2. f4 d5 3. e5 Bf5 4. Nf3 e6 5. g3 c5 6. Bg2 Nc6 7. d3 Qb6 8. c3 Nge7 9. 0-0 Qa6 10. Ne1 h5 11. Na3 b5 12. Nac2 Rd8 13. d4 cxd4 14. Nxd4 Nxd4 15. cxd4 Rc8 16. Nd3 Nc6 17. Be3 Be7 18. a3 Na5 19. Nc5 Qc6 20. b3 Bg4 21. Qd3 0-0 22. h3 Bf5 23. Qc3 Bxc5 24. dxc5 Qc7 25. Bd4 Nc6 26. b4 a5 27. Kh2 Ra8 28. Bf3 Bg6 29. Be2 Rfb8 30. g4 hxg4 31. hxg4 axb4 32. axb4 Rxa1 33. Rxa1 Qd8 34. Kg3 Be4 35. Ra6 Nxd4 36. Qxd4 Qc8 37. Ra5 Qc6 38. Kf2 g6 39. Ke3 Kg7 40. Qa1 Qe8 41. Kd4 Qh8 42. Rxb5 Rc8 43. Qc3 Qh4 44. Rb6 Qf2+ 45. Qe3 Qe1 46. c6 Bg2 47. f5 exf5 48. gxf5 Qh4+ 49. Kc5 gxf5 50. Qd4 Qe7+ 51. Kb5 Be4 52. Rb7 Qe6 53. Qc5 Qxe5 54. Bh5 Rc7 55. Kb6 Rxb7+ 56. Kxb7 Qe8 57. b5 d4 58. Qxd4+ Kh6 59. Bd1 Kg5 60. Kc7 Qe7+ 61. Qd7 Qe5+ 62. Kb6 Qb8+ 63. Ka5 Qa8+ 64. Kb4 f6 65. c7 Qf8+ 66. Kc4 Bb7 67. Bf3 Bc8 68. Qd2+ f4 69. b6 Ba6+ 70. Kb3 Qe8 71. Qa5+ 1-0

[Event "HUN-chT2 Breyer 0203"]
[Site "Hungary"]
[Date "2003.01.19"]
[Round "5"]
[White "Pisak, Istvan"]
[Black "Meszaros, Roland"]
[Result "1-0"]
[WhiteElo "1708"]
[BlackElo "1527"]
[PlyCount "87"]
[EventDate "2002.09.22"]
[EventType "team"]
[EventRounds "11"]
[EventCountry "HUN"]
[SourceTitle "EXT 2009"]
[Source "ChessBase"]
[SourceDate "2008.11.26"]
[SourceVersion "1"]
[SourceVersionDate "2008.11.26"]
[SourceQuality "1"]

1. c4 e5 2. Nf3 Nc6 3. Nc3 Bc5 4. g3 Nf6 5. Bg2 d6 6. 0-0 Bg4 7. d3 h6 8. a3 a5 9. Bd2 0-0 10. Qc2 Rb8 11. Nb5 Bb6 12. b4 axb4 13. axb4 Bxf3 14. Bxf3 Nd4 15. Nxd4 Bxd4 16. Ra2 c6 17. e3 Bb6 18. Rfa1 Bc7 19. d4 d5 20. dxe5 Bxe5 21. Bc3 Qe7 22. cxd5 Nxd5 23. Bxd5 cxd5 24. Bxe5 Qxe5 25. Ra5 b6 26. Ra6 Rfc8 27. Qd2 Qe4 28. Rd1 Rd8 29. Qd4 Qe6 30. Rc1 Rb7 31. b5 Rd6 32. Ra8+ Kh7 33. Rac8 Qe4 34. Qxe4+ dxe4 35. R8c6 Rd5 36. Rb1 Rc5 37. Kf1 g5 38. Ke1 Kg7 39. Rxc5 bxc5 40. Kd2 Kf6 41. Kc3 Ke6 42. Kc4 Kd6 43. Rd1+ Ke6 44. Kxc5 1-0

[Event "HUN-chT2 Breyer 0203"]
[Site "Hungary"]
[Date "2002.12.08"]
[Round "4"]
[White "Toth, Szilvia"]
[Black "Pisak, Istvan"]
[Result "0-1"]
[WhiteElo "2012"]
[BlackElo "1708"]
[PlyCount "106"]
[EventDate "2002.09.22"]
[EventType "team"]
[EventRounds "11"]
[EventCountry "HUN"]
[SourceTitle "EXT 2009"]
[Source "ChessBase"]
[SourceDate "2008.11.26"]
[SourceVersion "1"]
[SourceVersionDate "2008.11.26"]
[SourceQuality "1"]

1. e4 c6 2. d4 d5 3. f3 dxe4 4. fxe4 e5 5. Nf3 exd4 6. Qxd4 Qxd4 7. Nxd4 Bc5 8. c3 Nf6 9. Bd3 0-0 10. Bg5 Bxd4 11. cxd4 Nxe4 12. Bxe4 Re8 13. 0-0 Rxe4 14. Rd1 Bg4 15. Rd2 Nd7 16. Nc3 Ree8 17. Rf1 Nb6 18. h3 Bh5 19. Rdf2 Re6 20. Kh2 Rae8 21. Rf5 Bg6 22. R5f2 Nd5 23. a3 Nxc3 24. bxc3 Re1 25. Rxe1 Rxe1 26. Rb2 b6 27. Bf4 Re8 28. Kg3 Bd3 29. Kf2 Bc4 30. Kf3 b5 31. Kf2 a5 32. Bc7 a4 33. Bd6 Re6 34. Bf4 g6 35. Rd2 Kf8 36. Kf3 Ke7 37. g3 Re1 38. Bc7 Ke6 39. Ba5 f5 40. Rf2 Bd5+ 41. Kf4 h6 42. h4 Re4+ 43. Kf3 Rg4+ 44. Ke2 Rxg3 45. Kd2 Rg2 46. Ke3 Rxf2 47. Kxf2 f4 48. Bd8 Kf5 49. Be7 g5 50. hxg5 hxg5 51. Bd6 g4 52. Be7 g3+ 53. Ke2 f3+ 0-1

[Event "HUN-chT2 Breyer 0203"]
[Site "Hungary"]
[Date "2002.11.24"]
[Round "3"]
[White "Szakacs, Gabor"]
[Black "Pisak, Istvan"]
[Result "1-0"]
[WhiteElo "2037"]
[BlackElo "1708"]
[PlyCount "71"]
[EventDate "2002.09.22"]
[EventType "team"]
[EventRounds "11"]
[EventCountry "HUN"]
[SourceTitle "EXT 2009"]
[Source "ChessBase"]
[SourceDate "2008.11.26"]
[SourceVersion "1"]
[SourceVersionDate "2008.11.26"]
[SourceQuality "1"]

1. d4 d5 2. c4 e6 3. Nc3 c6 4. Qc2 Nf6 5. Bg5 h6 6. Bh4 Bd6 7. e3 Nbd7 8. Bd3 0-0 9. Nf3 Re8 10. 0-0 dxc4 11. Bxc4 g5 12. Bg3 Bxg3 13. fxg3 Nd5 14. Rae1 Nxc3 15. bxc3 b5 16. Bd3 Bb7 17. Ne5 Nxe5 18. dxe5 Qc7 19. Qf2 Qe7 20. Bb1 Rad8 21. Qc2 f5 22. exf6 Qf7 23. Qe2 Rf8 24. h4 Rd5 25. hxg5 Rxg5 26. Rf4 Qh5 27. Qc2 Qf7 28. Rh4 h5 29. Rf1 c5 30. Qf2 e5 31. g4 Rxg4 32. Rxg4+ hxg4 33. Qh4 Bc8 34. Qg5+ Kh8 35. Qh6+ Kg8 36. Bg6 1-0